[Event "Sparkassen-Open A"]
[Site "Heusenstamm, Martinsee"]
[Date "2021.11.21"]
[Round "7.32"]
[White "Spilles, Matthias"]
[Black "Niebler, Paul"]
[Result "1/2-1/2"]
[WhiteElo "2088"]
[BlackElo "1956"]
[PlyCount "83"]
[EventDate "2021.??.??"]
[WhiteTeam "Brühler SK"]
[BlackTeam "VL Frankfurt"]

1. e4 c5 2. Nf3 e6 3. g3 Nc6 4. Bg2 Nf6 5. Qe2 e5 6. c3 Be7 7. O-O O-O 8. d3
Re8 9. Bg5 d5 10. Bxf6 Bxf6 11. Nbd2 d4 12. c4 Qb6 13. Rfb1 a5 14. h4 Bg4 15.
Kh2 Nb4 16. a3 Nc6 17. Bh3 Bxh3 18. Kxh3 g6 19. a4 Bg7 20. g4 Nb4 21. Rh1 Qe6
22. Kg3 f5 23. gxf5 gxf5 24. Rag1 Bh6 25. Kh2+ Kh8 26. Ng5 Qf6 27. exf5 Qxf5
28. Nde4 Rg8 29. Rg3 Bxg5 30. Nxg5 Raf8 31. Rhg1 Qf4 32. Qe4 Rg6 33. Qxb7 Rxg5
34. hxg5 Nxd3 35. g6 Qh4+ 36. Rh3 Rxf2+ 37. Rg2 Qf4+ 38. Rhg3 hxg6 39. Qc8+ Kg7
40. Qd7+ Kh6 41. Qh3+ Kg7 42. Qd7+ 1/2-1/2

[Event "Sparkassen-Open A"]
[Site "Heusenstamm, Martinsee"]
[Date "2021.11.21"]
[Round "7.33"]
[White "Hänselmann, Hendrik"]
[Black "Schreiner, Roland"]
[Result "1-0"]
[WhiteElo "1865"]
[BlackElo "2104"]
[PlyCount "69"]
[EventDate "2021.??.??"]
[WhiteTeam "Karlsruher SF"]
[BlackTeam "SC Heusenstamm"]

1. e4 d6 2. d4 Nf6 3. Nc3 g6 4. g3 Bg7 5. Bg2 c6 6. Nge2 O-O 7. h3 e5 8. O-O
Nbd7 9. Be3 Re8 10. g4 exd4 11. Bxd4 Nc5 12. Ng3 Qe7 13. Re1 Ne6 14. Be3 Rd8
15. f4 Ne8 16. Qe2 N6c7 17. Rad1 Be6 18. Qf2 Bxc3 19. bxc3 Bxa2 20. f5 f6 21.
h4 Nb5 22. g5 Bc4 23. h5 fxg5 24. hxg6 h6 25. Bd4 c5 26. Bf1 Bxf1 27. f6 Qe6
28. f7+ Kf8 29. fxe8=Q+ Kxe8 30. Qxf1 Nxd4 31. cxd4 Qxg6 32. e5 d5 33. dxc5
Rac8 34. e6 Rxc5 35. e7 1-0

[Event "Sparkassen-Open A"]
[Site "Heusenstamm, Martinsee"]
[Date "2021.11.21"]
[Round "7.34"]
[White "Kempe, Caius Emilian"]
[Black "Cichy, Michael"]
[Result "1-0"]
[WhiteElo "1975"]
[BlackElo "2059"]
[PlyCount "67"]
[EventDate "2021.??.??"]
[WhiteTeam "USV TU Dresden"]
[BlackTeam "SC BS Gliesmarode"]

1. d4 Nf6 2. c4 e6 3. Nf3 Bb4+ 4. Bd2 a5 5. a3 Bxd2+ 6. Nbxd2 d6 7. e4 e5 8.
Qc2 exd4 9. Nxd4 Nbd7 10. Be2 O-O 11. O-O a4 12. Rae1 Nc5 13. Bd1 Re8 14. f3
Bd7 15. Nb1 Ra5 16. Nc3 Qb8 17. Qd2 Qa7 18. Kh1 Qb6 19. Nd5 Nxd5 20. exd5 Raa8
21. Bc2 Qa7 22. f4 Qb8 23. f5 Rxe1 24. Qxe1 Qe8 25. Qh4 Qe5 26. f6 h5 27. fxg7
Re8 28. h3 Kxg7 29. Bf5 Bxf5 30. Nxf5+ Kg6 31. g4 Qe4+ 32. Kg1 Rh8 33. Ne7+ Kg7
34. Qf6+ 1-0

[Event "Sparkassen-Open A"]
[Site "Heusenstamm, Martinsee"]
[Date "2021.11.21"]
[Round "7.35"]
[White "Minor, Viatcheslav"]
[Black "Oster, Klaus"]
[Result "1-0"]
[WhiteElo "2041"]
[BlackElo "1937"]
[PlyCount "105"]
[EventDate "2021.??.??"]
[WhiteTeam "SV Eisenach"]
[BlackTeam "SF Sailauf"]

1. e4 c6 2. d3 d5 3. Nd2 e5 4. Ngf3 Bd6 5. g3 Ne7 6. Bg2 O-O 7. O-O Bg4 8. b3
Nd7 9. Bb2 d4 10. h3 Bh5 11. a4 f6 12. Nc4 Bb4 13. a5 b5 14. axb6 axb6 15. Qe2
Qc7 16. Rfc1 Nc5 17. Qf1 b5 18. Ncd2 Bf7 19. Rcb1 Qb7 20. Qc1 Rxa1 21. Bxa1 Ra8
22. Bf1 Bc3 23. b4 Bxa1 24. Rxa1 Rxa1 25. Qxa1 Qa6 26. Qb1 Na4 27. Qa1 Qb6 28.
Nb3 g6 29. Nfd2 Nc8 30. h4 Be6 31. Kh2 Qa7 32. Bh3 Bxh3 33. Kxh3 Nc3 34. Na5
Kg7 35. Ndb3 Na4 36. Qd1 Qd7+ 37. Kg2 Ne7 38. Qd2 Nc8 39. f4 Ncb6 40. fxe5 fxe5
41. Qg5 Qd6 42. h5 Nd7 43. h6+ Kf7 44. Qd8 Qe6 45. Nd2 Qe7 46. Qh8 Nf6 47. Qg7+
Ke6 48. Nxc6 Qd6 49. Qb7 Nc3 50. Qc8+ Qd7 51. Qa6 Qd6 52. Nf3 Kd7 53. Nfxe5+
1-0

[Event "Sparkassen-Open A"]
[Site "Heusenstamm, Martinsee"]
[Date "2021.11.21"]
[Round "7.36"]
[White "Chassard, Cedric"]
[Black "Von Auer, Ulrich"]
[Result "1/2-1/2"]
[WhiteElo "1954"]
[BlackElo "2033"]
[PlyCount "36"]
[EventDate "2021.??.??"]
[WhiteTeam "SC Schwarzenbach"]
[BlackTeam "SF Frankfurt"]

1. e4 e6 2. d4 d5 3. Nd2 Nc6 4. Ngf3 Nf6 5. e5 Nd7 6. c3 f6 7. exf6 Qxf6 8. Bd3
e5 9. dxe5 Ndxe5 10. Be2 Bf5 11. Nxe5 Nxe5 12. Nf3 Nxf3+ 13. Bxf3 O-O-O 14. O-O
g5 15. Qa4 Bc5 16. Be3 Bxe3 17. fxe3 Qb6 18. Qd4 Qxd4 1/2-1/2

[Event "Sparkassen-Open A"]
[Site "Heusenstamm, Martinsee"]
[Date "2021.11.21"]
[Round "7.37"]
[White "Bashylina, Luisa"]
[Black "Eurich, Jannik"]
[Result "0-1"]
[WhiteElo "1916"]
[BlackElo "1907"]
[PlyCount "96"]
[EventDate "2021.??.??"]
[WhiteTeam "SG Solingen"]
[BlackTeam "SK Langen"]

1. d4 Nf6 2. c4 g6 3. h4 h5 4. Nc3 Bg7 5. e4 d6 6. Be2 O-O 7. Be3 e5 8. d5 a5
9. f3 Nh7 10. g4 f5 11. gxh5 gxh5 12. exf5 Bxf5 13. Qd2 Na6 14. Bd3 Qd7 15.
O-O-O Nb4 16. Be4 Nf6 17. Nge2 Nxe4 18. fxe4 Bg4 19. Rdg1 Rf3 20. Kb1 Kh7 21.
Ng3 Raf8 22. Nd1 Qf7 23. a3 Na6 24. Qxa5 Bh6 25. Bg5 Qg6 26. Qd2 Bxg5 27. hxg5
Nc5 28. Qc2 R8f4 29. Ka1 Nxe4 30. Nxh5 Bxh5 31. Qh2 Kg7 32. Qxh5 Qxh5 33. Rxh5
Rf1 34. Rhh1 Rxg1 35. Rxg1 Nd2 36. Ne3 Nxc4 37. Ng4 Kg6 38. Nf6 Ne3 39. Rg3 Nf5
40. Rg1 Ne7 41. Kb1 Rd4 42. Nd7 Nxd5 43. Nf8+ Kf7 44. Nd7 Ke7 45. Nb8 Rf4 46.
g6 Rf8 47. g7 Rg8 48. Kc2 Nf6 0-1

[Event "Sparkassen-Open A"]
[Site "Heusenstamm, Martinsee"]
[Date "2021.11.21"]
[Round "7.38"]
[White "Buchholz, Maja"]
[Black "Foerster-Yialamas, Lucas"]
[Result "1-0"]
[WhiteElo "1930"]
[BlackElo "2002"]
[PlyCount "139"]
[EventDate "2021.??.??"]
[WhiteTeam "SK Langen"]
[BlackTeam "Frankfurter TV"]

1. c4 c5 2. g3 g6 3. Bg2 Bg7 4. Nf3 Nc6 5. Nc3 e5 6. O-O Nge7 7. a3 d6 8. b4
cxb4 9. axb4 Nxb4 10. Ba3 Nbc6 11. Ne4 O-O 12. Nxd6 a6 13. Rb1 Qc7 14. c5 Nf5
15. Nc4 Be6 16. Nb6 Rad8 17. Ng5 Nfd4 18. Nxe6 fxe6 19. Be4 Bh6 20. e3 Nb5 21.
Bb2 Qe7 22. Rc1 Bg7 23. d3 Rf7 24. Qa4 Qc7 25. Qb3 Re8 26. Bg2 Bf8 27. Bh3 Qe7
28. Nc4 Bg7 29. Na3 Nxa3 30. Bxa3 Qd7 31. Rfd1 Kh8 32. Rb1 g5 33. Bg4 Rfe7 34.
Qa4 Rd8 35. Bf3 Rc8 36. Qg4 h6 37. Be4 Qe8 38. Kg2 Qf7 39. Rd2 Bf6 40. Bf3 Rd7
41. h3 Rcd8 42. Qc4 Rc7 43. Rb6 Qd7 44. Rd1 Bg7 45. Kf1 Rf8 46. Be4 Qf7 47. Rd2
h5 48. Ke1 Qd7 49. Bg6 Rf6 50. Bxh5 Nd8 51. Qg4 Bh6 52. Rd6 Qc8 53. h4 Rg7 54.
Qe4 Nc6 55. Bb2 gxh4 56. Qxh4 Qf8 57. Qh3 Rg5 58. Bd1 Qf7 59. Bf3 Na5 60. Bd1
Kg7 61. Bc3 Nc6 62. d4 exd4 63. Bxd4 Nxd4 64. R2xd4 Qe8 65. Rd7+ Rf7 66. Ba4
Rd5 67. R7xd5 Qf8 68. Qxe6 Kh7 69. Qxf7+ Qxf7 70. Rd7 1-0

[Event "Sparkassen-Open A"]
[Site "Heusenstamm, Martinsee"]
[Date "2021.11.21"]
[Round "7.39"]
[White "Berberich, Christoph"]
[Black "Hoppstädter, Daniel"]
[Result "1/2-1/2"]
[WhiteElo "2017"]
[BlackElo "1760"]
[PlyCount "28"]
[EventDate "2021.??.??"]
[WhiteTeam "SGEM Dreisamtal"]
[BlackTeam "SC Illingen"]

1. d4 Nf6 2. Nf3 g6 3. c4 c5 4. d5 e6 5. Nc3 exd5 6. cxd5 d6 7. e4 Bg7 8. Bd3
O-O 9. h3 Nh5 10. O-O Nd7 11. Bg5 Bf6 12. Bxf6 Qxf6 13. Re1 Ne5 14. Nxe5 Qxe5
1/2-1/2

[Event "Sparkassen-Open A"]
[Site "Heusenstamm, Martinsee"]
[Date "2021.11.21"]
[Round "7.40"]
[White "Speck, Stefan"]
[Black "Seehaus, Bernhard"]
[Result "0-1"]
[WhiteElo "1928"]
[BlackElo "2013"]
[PlyCount "80"]
[EventDate "2021.??.??"]
[WhiteTeam "SG Solingen"]
[BlackTeam "Schachforum Darmstadt"]

1. e4 d6 2. d4 Nf6 3. Nc3 c6 4. f4 Qa5 5. e5 Ne4 6. Qf3 d5 7. Bd3 Na6 8. Nge2
Nb4 9. O-O Nxd3 10. cxd3 Nxc3 11. bxc3 g6 12. Bd2 h5 13. h4 Bg4 14. Qe3 Bxe2
15. Qxe2 e6 16. Rfb1 Qc7 17. a4 Be7 18. g3 O-O 19. Kg2 Kg7 20. Bc1 Rfc8 21. Ba3
b6 22. Bxe7 Qxe7 23. a5 b5 24. Qb2 a6 25. Qb4 c5 26. dxc5 Qxc5 27. Qxc5 Rxc5
28. Rb3 Rac8 29. Raa3 f6 30. Kf3 fxe5 31. fxe5 Rf8+ 32. Ke3 Rf1 33. Rb4 Re1+
34. Kf4 Rc7 35. g4 Rf7+ 36. Kg3 Rxe5 37. gxh5 Re3+ 38. Kh2 gxh5 39. Rd4 Rf2+
40. Kg1 Rd2 0-1

[Event "Sparkassen-Open A"]
[Site "Heusenstamm, Martinsee"]
[Date "2021.11.21"]
[Round "7.41"]
[White "Woestmann, Ulrich"]
[Black "Meyer, Marcel"]
[Result "1-0"]
[WhiteElo "2000"]
[BlackElo "1728"]
[PlyCount "91"]
[EventDate "2021.??.??"]
[WhiteTeam "SV Ahlen"]
[BlackTeam "SK Herborn"]

1. e4 c6 2. d4 d5 3. exd5 cxd5 4. Nf3 Nc6 5. c3 Nf6 6. Bf4 Bg4 7. Nbd2 Qb6 8.
Qb3 Qxb3 9. axb3 e6 10. Bb5 Nd7 11. O-O Be7 12. b4 O-O 13. Bxc6 bxc6 14. Ra6 g5
15. Be3 f5 16. Nb3 Bxf3 17. gxf3 e5 18. dxe5 Nxe5 19. f4 gxf4 20. Bxf4 Nd3 21.
Be3 Rf6 22. Rfa1 Rg6+ 23. Kf1 Nxb2 24. Rxa7 Re8 25. Ra8 Kf7 26. Rxe8 Kxe8 27.
Ra8+ Kf7 28. Ra7 Ke8 29. Nd4 Nd1 30. Nxf5 Nxe3+ 31. fxe3 Bg5 32. Ke2 Rf6 33. h4
Rxf5 34. hxg5 Rxg5 35. Rxh7 Rg4 36. Kd3 Kd8 37. Rf7 Kc8 38. Rf4 Rg6 39. Kd4 Re6
40. e4 dxe4 41. Rxe4 Rg6 42. Kc5 Rg3 43. c4 Rb3 44. Kxc6 Kb8 45. b5 Rb1 46. b6
1-0

[Event "Sparkassen-Open A"]
[Site "Heusenstamm, Martinsee"]
[Date "2021.11.21"]
[Round "7.42"]
[White "Eull, Emil"]
[Black "Nemitz, Alfred"]
[Result "1-0"]
[WhiteElo "1799"]
[BlackElo "1463"]
[PlyCount "85"]
[EventDate "2021.??.??"]
[WhiteTeam "SF Neuberg"]
[BlackTeam "USV Potsdam"]

1. c4 Nf6 2. Nf3 g6 3. g3 Bg7 4. Bg2 d6 5. Nc3 O-O 6. O-O Nbd7 7. d3 e5 8. Rb1
c6 9. Nd2 Nh5 10. b4 f5 11. b5 c5 12. Qb3 Nhf6 13. a4 g5 14. Ra1 g4 15. e3 h5
16. Ndb1 h4 17. Ra2 Nh5 18. Nd5 Kh8 19. Nbc3 Bh6 20. Qd1 Ndf6 21. Qe1 Nxd5 22.
Nxd5 Nf6 23. Nc3 h3 24. Bh1 Rb8 25. f4 b6 26. Nd5 Nxd5 27. Bxd5 exf4 28. Bb2+
Kh7 29. exf4 Bg7 30. Bxg7 Kxg7 31. Re2 Bd7 32. Qc3+ Kh7 33. Rfe1 Re8 34. Be6
Kg6 35. d4 cxd4 36. Qxd4 Qc7 37. Qd5 Rxe6 38. Rxe6+ Bxe6 39. Rxe6+ Kg7 40. Qd4+
Kg8 41. Rg6+ Kh7 42. Qf6 Qc5+ 43. Kh1 1-0

[Event "Sparkassen-Open A"]
[Site "Heusenstamm, Martinsee"]
[Date "2021.11.21"]
[Round "7.43"]
[White "Homberger, Jan"]
[Black "Calvi, Stefan"]
[Result "1/2-1/2"]
[WhiteElo "1825"]
[BlackElo "2053"]
[PlyCount "79"]
[EventDate "2021.??.??"]
[WhiteTeam "SSV Weimar"]
[BlackTeam "SF Frankfurt"]

1. e4 c5 2. Nc3 Nc6 3. f4 g6 4. Nf3 Bg7 5. Bb5 Nd4 6. O-O e6 7. e5 a6 8. Be2 f5
9. Nxd4 cxd4 10. Na4 d6 11. exd6 Qxd6 12. c4 b6 13. d3 Bd7 14. Bd2 Nf6 15. Bf3
Rb8 16. a3 Qc7 17. Rc1 O-O 18. b4 Bc6 19. c5 b5 20. Nb6 Rbd8 21. Be1 Rfe8 22.
Bh4 Rb8 23. Bxc6 Qxc6 24. Qf3 Qxf3 25. Rxf3 Kf7 26. Bxf6 Bxf6 27. Nd7 Rbc8 28.
Re1 Re7 29. Nxf6 Kxf6 30. Rf2 e5 31. Rfe2 Rce8 32. Rxe5 Rxe5 33. Rxe5 Rxe5 34.
fxe5+ Kxe5 35. Kf2 g5 36. h3 Kd5 37. Kf3 Ke5 38. h4 h6 39. h5 Kd5 40. Kg3
1/2-1/2

[Event "Sparkassen-Open A"]
[Site "Heusenstamm, Martinsee"]
[Date "2021.11.21"]
[Round "7.44"]
[White "Mährlein, Christoph"]
[Black "Makilla, Tobias"]
[Result "1-0"]
[WhiteElo "2061"]
[BlackElo "1924"]
[PlyCount "43"]
[EventDate "2021.??.??"]
[WhiteTeam "SC Pforzheim"]
[BlackTeam "SC Hattersheim"]

1. e4 g6 2. d4 Bg7 3. Nc3 d6 4. f4 a6 5. Nf3 b5 6. a3 Bb7 7. Be2 Nd7 8. O-O Nh6
9. h3 O-O 10. Be3 c5 11. dxc5 Nxc5 12. e5 Ne4 13. Nxe4 Bxe4 14. exd6 Bxb2 15.
Ra2 Bg7 16. c4 bxc4 17. dxe7 Qxe7 18. Bxc4 Rfc8 19. Qe2 Nf5 20. Bf2 a5 21. Ng5
Nd6 22. Bd5 1-0

[Event "Sparkassen-Open A"]
[Site "Heusenstamm, Martinsee"]
[Date "2021.11.21"]
[Round "7.45"]
[White "Swoboda, Philipp"]
[Black "Vangsgaard, Claus"]
[Result "1-0"]
[WhiteElo "1976"]
[BlackElo "1851"]
[PlyCount "40"]
[EventDate "2021.??.??"]
[WhiteTeam "SV Frankfurt Nord"]
[BlackTeam "Vejlby-Risskov"]

1. d4 c5 2. d5 e5 3. e4 d6 4. Nc3 Be7 5. Bb5+ Nd7 6. a4 a6 7. Be2 Bg5 8. Bxg5
Qxg5 9. Nf3 Qe7 10. O-O Nh6 11. Nd2 O-O 12. Nc4 g6 13. Qd2 Kg7 14. h3 Rb8 15.
a5 f5 16. exf5 gxf5 17. f4 Nf7 18. Rae1 b5 19. axb6 Nxb6 20. Ne3 Nd7 1-0

[Event "Sparkassen-Open A"]
[Site "Heusenstamm, Martinsee"]
[Date "2021.11.21"]
[Round "7.46"]
[White "Knödler, Marcel"]
[Black "Waffenschmidt, Joachim"]
[Result "0-1"]
[WhiteElo "1857"]
[BlackElo "2026"]
[PlyCount "54"]
[EventDate "2021.??.??"]
[WhiteTeam "Wiesbadener SV"]
[BlackTeam "SV Hofheim"]

1. d4 d5 2. Nf3 Nf6 3. Bf4 c5 4. c3 Nc6 5. e3 Bf5 6. Bd3 Bxd3 7. Qxd3 e6 8.
Nbd2 Be7 9. h3 O-O 10. O-O a5 11. Ne5 Nxe5 12. Bxe5 Re8 13. Bxf6 Bxf6 14. Rfd1
Qe7 15. Rac1 g6 16. Qb5 Rec8 17. Qd3 c4 18. Qe2 b5 19. Rb1 b4 20. Nf3 a4 21. e4
a3 22. exd5 exd5 23. Qc2 axb2 24. cxb4 c3 25. a3 Qb7 26. Ne1 Rxa3 27. Nd3 Bxd4
0-1

[Event "Sparkassen-Open A"]
[Site "Heusenstamm, Martinsee"]
[Date "2021.11.21"]
[Round "7.47"]
[White "Werner, Tom"]
[Black "Junker, Christian"]
[Result "1/2-1/2"]
[WhiteElo "1780"]
[BlackElo "2019"]
[PlyCount "23"]
[EventDate "2021.??.??"]
[WhiteTeam "VSG Offenbach"]
[BlackTeam "SV Neu-Isenburg"]

1. c4 f5 2. Nc3 Nf6 3. g3 e6 4. Bg2 d5 5. d4 c6 6. cxd5 exd5 7. Bg5 Be7 8. Bxf6
Bxf6 9. Nf3 O-O 10. O-O Qe7 11. Qb3 a5 12. e3 1/2-1/2

[Event "Sparkassen-Open A"]
[Site "Heusenstamm, Martinsee"]
[Date "2021.11.21"]
[Round "7.48"]
[White "Küpper, Martin"]
[Black "Sittinger, Lutz"]
[Result "1-0"]
[WhiteElo "2013"]
[BlackElo "1915"]
[PlyCount "73"]
[EventDate "2021.??.??"]
[WhiteTeam "SC Fulda"]
[BlackTeam "SK Mainaschaff"]

1. Nf3 d5 2. e3 Nf6 3. c4 e6 4. b3 Be7 5. Bb2 O-O 6. Nc3 b6 7. d4 Bb7 8. Bd3
Nbd7 9. O-O c5 10. Ne5 a6 11. Rc1 Rc8 12. cxd5 Nxe5 13. dxe5 Nxd5 14. Qe2 Nb4
15. Bb1 g6 16. a3 Nd5 17. Ne4 b5 18. Rfd1 Qc7 19. Qg4 h5 20. Qg3 Kg7 21. Nd6
Rcd8 22. Rxd5 Bxd5 23. f4 Rg8 24. f5 exf5 25. Ne8+ Rgxe8 26. e6+ Kh7 27. Qxc7
Bxe6 28. Qe5 Rg8 29. e4 Bg5 30. Re1 Bd2 31. exf5 Bxe1 32. fxg6+ fxg6 33. Qxe1
Rge8 34. Qe5 Rd1+ 35. Kf2 Rf8+ 36. Kg3 Rg8 37. Qxh5# 1-0

[Event "Sparkassen-Open A"]
[Site "Heusenstamm, Martinsee"]
[Date "2021.11.21"]
[Round "7.49"]
[White "Tietzen, Stefan"]
[Black "Benninger, Rudolf"]
[Result "1-0"]
[WhiteElo "1887"]
[BlackElo "2008"]
[PlyCount "123"]
[EventDate "2021.??.??"]
[WhiteTeam "SK Gernsheim"]
[BlackTeam "SC Heusenstamm"]

1. e4 g6 2. d4 Bg7 3. Nf3 c5 4. c3 cxd4 5. Nxd4 Nc6 6. Be3 Nf6 7. Nd2 O-O 8.
Be2 d5 9. Nxc6 bxc6 10. e5 Nd7 11. f4 f6 12. exf6 Bxf6 13. O-O Qc7 14. Nf3 Rb8
15. b3 e5 16. fxe5 Nxe5 17. Bd4 Bf5 18. Rc1 Rbd8 19. Nxe5 Bxe5 20. Bxe5 Qxe5
21. Bf3 c5 22. Re1 Qd6 23. Qd2 Kg7 24. Red1 d4 25. cxd4 cxd4 26. Rc6 Qd7 27.
Qa5 Rf7 28. Qe5+ Kg8 29. Rc5 Be6 30. Rc6 Bg4 31. Rc4 Bxf3 32. gxf3 d3 33. Qe3
Qf5 34. Kg2 Rfd7 35. Re4 d2 36. Re8+ Rxe8 37. Qxe8+ Kg7 38. Qe4 Qf6 39. Qg4 Qd6
40. Qc4 Rc7 41. Qe4 Rd7 42. Qe3 Qd5 43. Qc3+ Kh6 44. Qe3+ Qg5+ 45. Kf2 Qxe3+
46. Kxe3 Kg5 47. Rxd2 Re7+ 48. Kf2 Kf4 49. Rd4+ Kf5 50. h4 g5 51. Rd5+ Kf4 52.
Rxg5 Rc7 53. Rg4+ Kf5 54. Rc4 Rg7 55. Ra4 Rd7 56. Kg3 Rg7+ 57. Rg4 Rd7 58. Rg5+
Kf6 59. Ra5 Kg6 60. Kg4 Rd4+ 61. f4 h5+ 62. Rxh5 1-0

[Event "Sparkassen-Open A"]
[Site "Heusenstamm, Martinsee"]
[Date "2021.11.21"]
[Round "7.50"]
[White "Diez, Gerhard"]
[Black "Burkart, Lloyd Shang"]
[Result "1/2-1/2"]
[WhiteElo "1986"]
[BlackElo "1518"]
[PlyCount "42"]
[EventDate "2021.??.??"]
[WhiteTeam "SC Bad Nauheim"]
[BlackTeam "SV Hofheim"]

1. e4 c5 2. Nf3 d6 3. d4 cxd4 4. Nxd4 Nf6 5. Nc3 a6 6. h3 e6 7. g4 b5 8. g5 b4
9. gxf6 bxc3 10. fxg7 Bxg7 11. bxc3 Bb7 12. Rg1 Bf6 13. Bd3 Nd7 14. Rb1 Qe7 15.
Bd2 Nc5 16. Qf3 Be5 17. Qe2 Rc8 18. f4 Bf6 19. Kf1 Kd7 20. Qh5 Rcf8 21. Re1 Kc8
1/2-1/2

[Event "Sparkassen-Open A"]
[Site "Heusenstamm, Martinsee"]
[Date "2021.11.21"]
[Round "7.51"]
[White "van den Hoff, Damian"]
[Black "Ersöz, Can"]
[Result "1-0"]
[WhiteElo "1879"]
[BlackElo "1964"]
[PlyCount "85"]
[EventDate "2021.??.??"]
[WhiteTeam "VL Niederlande"]
[BlackTeam "SV Würzburg"]

1. e4 c5 2. Nf3 d6 3. c3 Nf6 4. Be2 Bd7 5. Qc2 Qc7 6. O-O g6 7. h3 Bg7 8. d3
O-O 9. Bf4 e5 10. Be3 Nc6 11. a3 Rac8 12. Nbd2 b6 13. Rac1 Qb8 14. Qb1 d5 15.
Bg5 d4 16. Nh2 h6 17. Bh4 Be6 18. g4 Nh7 19. Bg3 g5 20. f3 Rfd8 21. Rfd1 Nf8
22. h4 Ng6 23. hxg5 hxg5 24. c4 Nf4 25. Bxf4 exf4 26. b4 Ne5 27. Kf2 Bf6 28.
Nb3 Qc7 29. Nf1 Kg7 30. Nfd2 Rh8 31. Rh1 Rh4 32. Rxh4 gxh4 33. Rh1 Bg5 34. Na1
Rh8 35. Nc2 h3 36. Bf1 h2 37. Be2 Bh4+ 38. Kg2 Bg3 39. Nf1 Qe7 40. Nxg3 fxg3
41. Qe1 Bxc4 42. dxc4 d3 43. Ne3 1-0

[Event "Sparkassen-Open A"]
[Site "Heusenstamm, Martinsee"]
[Date "2021.11.21"]
[Round "7.52"]
[White "Bardorz, Jana"]
[Black "Kähm, Kevin"]
[Result "1-0"]
[WhiteElo "1851"]
[BlackElo "1626"]
[PlyCount "71"]
[EventDate "2021.??.??"]
[WhiteTeam "TSV Rottendorf"]
[BlackTeam "SK Bischofsheim"]

1. e4 d6 2. d4 Nf6 3. Nc3 g6 4. f3 a5 5. Be3 c6 6. a4 Bg7 7. Qd2 O-O 8. Bh6
Nbd7 9. O-O-O Qc7 10. h4 c5 11. Bxg7 Kxg7 12. h5 cxd4 13. Qxd4 Nc5 14. g4 Ne6
15. Qd2 Ng8 16. Bb5 Qc5 17. f4 Nc7 18. g5 Nxb5 19. Nxb5 Bg4 20. hxg6 fxg6 21.
Rf1 Rac8 22. Nc3 e6 23. Nge2 Bxe2 24. Qxe2 Rf7 25. Rh3 Ne7 26. Qh2 Rh8 27. Rh1
Kg8 28. Qd2 d5 29. Rd3 dxe4 30. Nxe4 Qb4 31. Nf6+ Kg7 32. Qh2 h5 33. gxh6+ Kxf6
34. Qh4+ Kf5 35. Qg5+ Ke4 36. Qe5# 1-0

[Event "Sparkassen-Open A"]
[Site "Heusenstamm, Martinsee"]
[Date "2021.11.21"]
[Round "7.53"]
[White "Kosak, Matjaz"]
[Black "Syed, Tareq"]
[Result "0-1"]
[WhiteElo "1769"]
[BlackElo "1974"]
[PlyCount "54"]
[EventDate "2021.??.??"]
[WhiteTeam "SV Frankfurt Nord"]
[BlackTeam "SV Diag.Harburg"]

1. e4 d6 2. d4 Nf6 3. Nc3 Nbd7 4. Be3 e5 5. Qd2 c6 6. f3 Be7 7. Nge2 O-O 8. g4
Nb6 9. Ng3 exd4 10. Bxd4 c5 11. Bxf6 Bxf6 12. O-O-O Bxg4 13. Be2 Bxf3 14. h4
Bxh1 15. Rxh1 Bxh4 16. Qd3 Qg5+ 17. Kb1 Qxg3 18. Qd1 Bf6 19. e5 Qxe5 20. Rh5
Qe3 21. Bd3 g6 22. Ne4 gxh5 23. Nxf6+ Kh8 24. Bxh7 Rae8 25. Be4 Rxe4 26. Qxh5+
Kg7 27. Qh7+ Kxf6 0-1

[Event "Sparkassen-Open A"]
[Site "Heusenstamm, Martinsee"]
[Date "2021.11.21"]
[Round "7.54"]
[White "Schellen, Sven"]
[Black "Bäumer, Frank"]
[Result "0-1"]
[WhiteElo "1848"]
[BlackElo "1939"]
[PlyCount "70"]
[EventDate "2021.??.??"]
[WhiteTeam "SV Frankfurt Nord"]
[BlackTeam "Gambit Gusenburg"]

1. d4 Nf6 2. c4 g6 3. Nc3 Bg7 4. Nf3 O-O 5. Bf4 c5 6. e3 d6 7. Be2 b6 8. O-O
Bb7 9. Qc2 Nc6 10. Rfd1 cxd4 11. exd4 e6 12. Rac1 d5 13. c5 Ne8 14. a3 bxc5 15.
dxc5 a5 16. b4 axb4 17. axb4 Nxb4 18. Qb3 Ba6 19. Qxb4 Bxc3 20. Qxc3 Bxe2 21.
Bh6 Bxd1 22. Rxd1 Qf6 23. Ne5 Ng7 24. Rd3 Rfb8 25. g4 Rb1+ 26. Kg2 Raa1 27. Kh3
g5 28. Bxg7 Qxg7 29. c6 Qh6+ 30. Kg2 Rg1+ 31. Kf3 Qh3+ 32. Ke2 Ra2+ 33. Qd2
Qf1+ 34. Ke3 Rxd2 35. Rxd2 Qe1+ 0-1

[Event "Sparkassen-Open A"]
[Site "Heusenstamm, Martinsee"]
[Date "2021.11.21"]
[Round "7.55"]
[White "Rutsatz, Mario"]
[Black "Armbrust, Matthias"]
[Result "0-1"]
[WhiteElo "1929"]
[BlackElo "1833"]
[PlyCount "52"]
[EventDate "2021.??.??"]
[WhiteTeam "SF Frankfurt"]
[BlackTeam "TSG Bretzenheim"]

1. d4 g6 2. e4 Bg7 3. c3 d6 4. Nf3 Nc6 5. Bg5 Nf6 6. Bd3 O-O 7. h3 e5 8. O-O h6
9. Bh4 Qe8 10. Re1 Nh5 11. d5 Ne7 12. c4 Nf4 13. Nc3 f5 14. Bf1 g5 15. Bg3 Nh5
16. exf5 Nxg3 17. fxg3 Nxf5 18. Ne4 Qf7 19. c5 dxc5 20. Nxc5 Nxg3 21. Bc4 Kh8
22. Ne6 Bxe6 23. dxe6 Qf4 24. Qb3 e4 25. Re3 exf3 26. Rxf3 Bd4+ 0-1

[Event "Sparkassen-Open A"]
[Site "Heusenstamm, Martinsee"]
[Date "2021.11.21"]
[Round "7.56"]
[White "Ehrlacher, Markus"]
[Black "Heppert, Lars"]
[Result "1/2-1/2"]
[WhiteElo "1902"]
[BlackElo "1833"]
[PlyCount "76"]
[EventDate "2021.??.??"]
[WhiteTeam "SC Iffezheim"]
[BlackTeam "SK Neuburg"]

1. c4 e5 2. g3 g6 3. Bg2 Bg7 4. Nc3 Ne7 5. d3 O-O 6. e4 Nbc6 7. Nge2 d6 8. O-O
h6 9. Be3 Nd4 10. Qd2 Kh7 11. f4 f5 12. Bxd4 exd4 13. Nd5 c6 14. Nxe7 Qxe7 15.
Rfe1 fxe4 16. Bxe4 Qf7 17. Kg2 Bf5 18. Ng1 Rae8 19. b3 d5 20. cxd5 cxd5 21. Bf3
Re3 22. Qa5 b6 23. Qxd5 Qxd5 24. Bxd5 Rfe8 25. Be4 Bxe4+ 26. dxe4 R8xe4 27.
Rxe3 Rxe3 28. Rd1 Rc3 29. Nf3 Rc2+ 30. Kh3 Rxa2 31. Nxd4 Bxd4 32. Rxd4 b5 33.
Rd7+ Kg8 34. b4 Ra4 35. Rb7 a6 36. Ra7 Rxb4 37. Rxa6 Kf7 38. Rb6 Rb1 1/2-1/2

[Event "Sparkassen-Open A"]
[Site "Heusenstamm, Martinsee"]
[Date "2021.11.21"]
[Round "7.57"]
[White "Weiland, Thomas"]
[Black "Mohr, Thomas"]
[Result "0-1"]
[WhiteElo "1799"]
[BlackElo "1887"]
[PlyCount "114"]
[EventDate "2021.??.??"]
[WhiteTeam "SV Oberursel"]
[BlackTeam "SC FK Babenhausen"]

1. c4 f5 2. d4 Nf6 3. Nf3 e6 4. Nc3 d5 5. cxd5 exd5 6. Qb3 c6 7. Bg5 Be7 8. e3
Qb6 9. Qc2 Qd8 10. Bd3 Ne4 11. Bxe7 Qxe7 12. Nxd5 Qd7 13. Nc3 Nxc3 14. Qxc3 O-O
15. Ne5 Qe7 16. Bc4+ Be6 17. Qb3 Bxc4 18. Qxc4+ Kh8 19. O-O Nd7 20. Nxd7 Qxd7
21. Rad1 Rad8 22. Rd3 Rf6 23. Rfd1 Rd6 24. h3 h6 25. b4 Rd5 26. Rc3 a5 27. Rb1
f4 28. a4 f3 29. Kh2 fxg2 30. f4 g5 31. Rg1 gxf4 32. Rxg2 Qd6 33. exf4 Rxd4 34.
Qf7 Qxf4+ 35. Qxf4 Rxf4 36. bxa5 Rxa4 37. Rc5 Kh7 38. Rb2 Rd7 39. Re5 Kg7 40.
Rbe2 Rb4 41. Ra2 Rb3 42. Re6 c5 43. a6 bxa6 44. Rexa6 c4 45. Rg2+ Kh7 46. Raa2
Rbd3 47. Rac2 c3 48. Rc1 Rg7 49. Rxg7+ Kxg7 50. Kg2 Kf6 51. h4 Kf5 52. Kf2 Kf4
53. h5 Ke4 54. Rh1 Rd2+ 55. Ke1 Kd3 56. Rh4 Re2+ 57. Kf1 c2 0-1

[Event "Sparkassen-Open A"]
[Site "Heusenstamm, Martinsee"]
[Date "2021.11.21"]
[Round "7.58"]
[White "Rabiya, Karim"]
[Black "Stock, Jürgen"]
[Result "1-0"]
[WhiteElo "1803"]
[BlackElo "1874"]
[PlyCount "79"]
[EventDate "2021.??.??"]
[WhiteTeam "SK Niederbrechen"]
[BlackTeam "SC Steinbach"]

1. e4 e6 2. b3 c5 3. f4 Nc6 4. Nf3 b6 5. Bb2 Bb7 6. Qe2 Nge7 7. f5 Qc7 8. Na3
a6 9. Nc4 f6 10. Ng5 e5 11. Qh5+ g6 12. fxg6 Nxg6 13. Nxh7 Nce7 14. Nxf6+ Kd8
15. Qf3 d6 16. g3 b5 17. Ne3 Bg7 18. Nh5 Rf8 19. Nxg7 Rxf3 20. Ne6+ Kd7 21.
Nxc7 Kxc7 22. Bg2 Rf7 23. Ke2 Rh8 24. h4 Bc8 25. Raf1 Rfh7 26. Bh3 Bxh3 27.
Rxh3 Kd7 28. d3 Ke6 29. Bc1 Rh5 30. Rh2 Rg8 31. Rhf2 Nh8 32. Rf6+ Kd7 33. R1f3
Nc6 34. c3 Nd8 35. Nd5 Ne6 36. Kf2 Rg4 37. Rxe6 Kxe6 38. Nf6 Rgxh4 39. gxh4
Rxh4 40. Kg2 1-0